Drapeaux Afrique - Statistiques

Statistiques générales
  • Ce quiz a été pris 108 fois
    107 depuis la dernière actualisation
  • Le résultat moyen est 35 sur 66
Statistiques - réponses
Par images Réponse % Correct
Afrique du Sud
91%
Kenya
91%
Algérie
89%
Égypte
87%
Maroc
87%
Tunisie
85%
Côte d'Ivoire
84%
Nigeria
82%
République Démocratique du Congo
80%
Mayotte
78%
Angola
76%
Cameroun
75%
Ouganda
75%
Seychelles
73%
Sénégal
71%
Somalie
71%
Libéria
69%
Niger
69%
Madagascar
67%
Tchad
67%
Tanzanie
65%
Burkina Faso
64%
Cap-Vert
64%
Éthiopie
64%
Mali
62%
Ghana
60%
Libye
60%
République Centrafricaine
60%
Bénin
58%
Burundi
58%
Mauritanie
58%
République du Congo
58%
Botswana
56%
Comores
56%
Soudan
55%
Lesotho
53%
Togo
53%
Eswatini
51%
Gabon
51%
Zimbabwe
51%
Sao-Tomé-Et-Principe
49%
Soudan du Sud
49%
Zambie
49%
Erythrée
47%
Malawi
47%
Maurice
47%
Rwanda
47%
Mozambique
45%
Djibouti
44%
Guinée Équatoriale
44%
Guinée-Bissau
42%
Namibie
42%
Guinée
40%
La Réunion
36%
Sierra Leone
36%
Gambie
33%
Zanzibar
9%
Somaliland
7%
Madère
5%
Sainte-Hélène
5%
Ceuta
4%
île de l'Ascension
4%
Melilla
4%
Sahara Occidentale
4%
Tristan da Cunha
4%
Îles Canaries
2%
Aucun quiz correspondant
Distribution des résultats
% des personnes avec chaque résultat
Percentile par nombre de réponses
Votre historique - résultats
Vous n’avez pas pris ce quiz depuis la dernière actualisation